000 00568nam a2200193Ia 4500
003 IN-BaIIA
008 211028s9999 xx 000 0 eng d
020 _a0-08-029330-1
040 _cIIA Library
080 _a524.728
_bALL-3
100 _aAllen, B. J
_915225
245 0 _aNeutron radiative capture
_cB. J Allen
260 _aOxford
_bPergamon Press
_c1984
300 _axiv, 270p.
650 _aAstronomy and astrophysics thesaurus
650 _aNeutron physics
_912844
650 _aNeutrons
_915226
942 _cBK
999 _c9055
_d9055